Cursillos de divulgación forestal / (Record no. 112824)

MARC details
000 -LEADER
campo de control de longitud fija 00538nam a2200157 4500
001 - NÚMERO DE CONTROL
campo de control 112824
003 - IDENTIFICADOR DE NÚMERO DE CONTROL
campo de control ES-MaACL
007 - CAMPO FIJO DE DESCRIPCIÓN FÍSICA--INFORMACIÓN GENERAL
campo de control de longitud fija t|
008 - DATOS DE LONGITUD FIJA--INFORMACIÓN GENERAL
campo de control de longitud fija 061121s1961 sp r ||||1| spa d
100 1# - ENTRADA PRINCIPAL--NOMBRE DE PERSONA
Nombre de persona Muro Martínez, Ricardo.
9 (RLIN) 84615
245 10 - MENCIÓN DEL TÍTULO
Título Cursillos de divulgación forestal /
Mención de responsabilidad, etc. por Ricardo Muro Martínez , Vicente-Angel Sebastián.
260 ## - PUBLICACIÓN, DISTRIBUCIÓN, ETC.
Lugar de publicación, distribución, etc. Burgos :
Nombre del editor, distribuidor, etc. [s.n.],
Fecha de publicación, distribución, etc. 1961 (
Fabricante Imp. Hijos de Santiago Rodríguez)
300 ## - DESCRIPCIÓN FÍSICA
Extensión 135 p. :
Otras características físicas il ;
Dimensiones 24 cm.
700 1# - ENTRADA AGREGADA--NOMBRE PERSONAL
Nombre de persona Sebastián, Vicente-Angel.
9 (RLIN) 105012
852 ## - LOCALIZACIÓN
Ubicación ES-MaACL
Número de control de estantería B-2181
Sublocalización o colección R.48011
Holdings
Estatus retirado Estado de pérdida Estado de daño No para préstamo Biblioteca de origen Biblioteca actual Ubicación en estantería Fecha de adquisición Fuente de adquisición Total de préstamos Signatura topográfica completa Código de barras Visto por última vez Precio de reemplazo Tipo de ítem Koha
        Biblioteca del Ateneo de Madrid Biblioteca del Ateneo de Madrid Sala Pardo Bazán 17/01/2008     B-2181 1117685 23/02/2023 23/02/2023 Libro impreso